000
00499nam a2200145Ia 4500
008
100204s9999 xx 000 0 und d
082
_b
1211
100
_a
देशपांडे रा. खं.
245
_a
दारी गुलाब फुलवा
260
_b
"केसरी प्रकाशन, पुणे"
_c
1974
300
_a
152
630
_a
दारी गुलाब फुलवा
730
_a
दारी गुलाब फुलवा
942
_c
BOOK
999
_c
446378
_d
446375